| 000 | 00732nam a22001937a 4500 | ||
|---|---|---|---|
| 005 | 20251108175904.0 | ||
| 008 | 250721s2021 xx 000 0 ara d | ||
| 082 | 1 | 4 | _a956.08/تمر |
| 100 | 1 |
_aمحمد بن عبدالله بن أحمد الخطيب الغزي الحنفي، التمرتاشي _eمؤلف |
|
| 245 | 1 | 0 | _aفتح المنان في مفاخر ال عثمان / |
| 264 | 1 |
_aعمان : _bدار الرياحين للنشر، _c2021. |
|
| 300 | _a140ص. | ||
| 650 | 1 | 7 | _aالامبراطورية العثمانية 1402-1922 |
| 650 | 1 | 7 | _aالخلافة العثمانية |
| 650 | 1 | 7 | _aالتاريخ الاسلامي |
| 700 | 1 |
_aكلاب، محمد خالد _eمحقق |
|
| 942 |
_2ddc _cBK |
||
| 999 |
_c144806 _d144806 |
||